| 000 | 00568nam a2200205Ia 4500 | ||
|---|---|---|---|
| 003 | GCL | ||
| 005 | 20240530110924.0 | ||
| 008 | 140319s1989 fr ah f 000 0 eng d | ||
| 020 | _a2222041821 | ||
| 040 |
_aGCL / _cGCL |
||
| 082 | 0 | 4 |
_a792 / _bA S |
| 100 | 1 | _aAslan.O | |
| 245 | 1 | 0 |
_aStrehler / _cO.Aslan |
| 260 |
_aParis : _bCentre National De La Recherche Scientfque ، _c1989. |
||
| 300 | _a284 P | ||
| 490 | 0 |
_aLes Voies De La Creation Theatrale; _v.16 |
|
| 650 | 0 | 4 | _aFRANCE - THEATER |
| 650 | 0 | 4 | _aFRANCE - THEATRE, HISTORY 19TH CENTURY |
| 942 |
_2ddc _cBK |
||
| 999 |
_c66534 _d66534 |
||